|
|
|
|
| LEADER |
01189cam a2200385 7i4500 |
| 001 |
0000021587 |
| 005 |
20080825090000.0 |
| 020 |
0 |
0 |
|a 978-1-84264-455-3
|
| 090 |
0 |
0 |
|a I 641.3025
|b WOR
|
| 245 |
0 |
0 |
|a World food marketing directory 2008 :
|b Volume 2 : National operators.
|
| 250 |
0 |
0 |
|a 5th ed.
|
| 260 |
0 |
0 |
|a London:
|b Euromonitor International,
|c 2008.
|
| 300 |
# |
# |
|a V.2 [1336 p].
|
| 500 |
0 |
0 |
|a Vol 1 : Introduction,Overview,Marketing Sources and Major multinationals
|
| 500 |
0 |
0 |
|a Vol 2 : National operators
|
| 650 |
0 |
0 |
|a Sauces
|
| 650 |
0 |
0 |
|a Pet food industry
|
| 650 |
0 |
0 |
|a Confectionery
|
| 650 |
0 |
0 |
|a Health food
|
| 650 |
0 |
0 |
|a Ice cream
|
| 650 |
0 |
0 |
|a Sweet
|
| 650 |
0 |
0 |
|a Dried food industry
|
| 650 |
0 |
0 |
|a Eggs
|
| 650 |
0 |
0 |
|a Baby food industry
|
| 650 |
0 |
0 |
|a Meat
|
| 650 |
0 |
0 |
|a Beverages industry and trade
|
| 650 |
0 |
0 |
|a Food --
|x Directories
|
| 650 |
0 |
0 |
|a Snack foods
|
| 650 |
0 |
0 |
|a Fruit
|
| 650 |
0 |
0 |
|a Bakery products
|
| 650 |
0 |
0 |
|a Vegetables
|
| 650 |
0 |
0 |
|a Dairy products
|
| 650 |
0 |
0 |
|a Seafood
|
| 999 |
|
|
|a B000022657
|b Directories
|c International
|e Business Information Centre
|
| 999 |
|
|
|a B000022656
|b Directories
|c International
|e Business Information Centre
|